[Event "Chigorin Memorial"]
[Site "St Petersburg RUS"]
[Date "2012.11.03"]
[Round "8.108"]
[White "Gubernatorov, Sergey"]
[Black "Gogolev, Artem"]
[Result "1-0"]
[WhiteTitle "FM"]
[WhiteElo "2311"]
[BlackElo "2090"]
[WhiteFideId "4148215"]
[BlackFideId "4116615"]
[EventDate "2012.10.27"]

1. c4 c5 2. g3 Nf6 3. Bg2 d5 4. cxd5 Nxd5 5. Nc3 Nc7 6. Nf3 Nc6 7. d3 e5 8. Be3
Be6 9. Ng5 Qd7 10. Nxe6 Nxe6 11. O-O Be7 12. Qa4 Ned4 13. a3 Rb8 14. Rab1 b5 15.
Qd1 O-O 16. Nd5 a5 17. b3 Rfd8 18. Bd2 Bf8 19. e3 Nf5 20. Qh5 Qe6 21. f4 g6 22.
Qf3 Nfe7 23. e4 Nd4 24. Qf2 exf4 25. Nxf4 Qe5 26. Bxa5 Rd7 27. Bc3 Bg7 28. Kh1
b4 29. axb4 cxb4 30. Bb2 Ra8 31. Ne2 Nec6 32. Rbc1 Ra2 33. Nxd4 Nxd4 34. Rc8+
Bf8 35. Bxd4 1-0

[Event "Chigorin Memorial"]
[Site "St Petersburg RUS"]
[Date "2012.11.03"]
[Round "8.109"]
[White "Barhudarian, Rafael"]
[Black "Ivanov, Sergei V."]
[Result "1-0"]
[WhiteTitle "FM"]
[WhiteElo "2305"]
[BlackElo "2060"]
[WhiteFideId "4182685"]
[BlackFideId "24170003"]
[EventDate "2012.10.27"]

1. e4 g6 2. d4 Bg7 3. Be3 d6 4. Nc3 Nd7 5. Qd2 c6 6. f4 b5 7. a3 Ngf6 8. Be2 Nb6
9. h3 a5 10. Bd3 Nc4 11. Bxc4 bxc4 12. g4 Rb8 13. Rb1 O-O 14. Nge2 e5 15. dxe5
dxe5 16. f5 Re8 17. Kf2 h5 18. Rhg1 Nh7 19. Qxd8 Rxd8 20. gxh5 g5 21. h4 f6 22.
hxg5 Nxg5 23. Bxg5 fxg5 24. Rxg5 Kh7 25. h6 Bf8 26. Na4 c3 27. Naxc3 Rd2 28. Rd1
Rxd1 29. Nxd1 Rb7 30. Rg6 Rd7 31. Ndc3 Bb7 32. Ng3 Rd6 33. Rxd6 Bxd6 34. Kf3
Kxh6 35. Kg4 Bc5 36. Nh5 Be7 37. Ne2 Bg5 38. a4 Ba6 39. Nhg3 Be3 40. b3 Kg7 41.
c4 Bc8 42. Kf3 Bg5 43. Nc3 Bc1 44. Nd1 Bd7 45. Nf2 Bb2 46. Nd3 Ba1 47. Kg4 Kf6
48. Nf1 Bd4 49. Nh2 Bc3 50. Kf3 Be8 51. Ng4+ Kg5 52. Ngxe5 Bh5+ 53. Ke3 Bd1 54.
Nf3+ Kf6 55. Kf4 Bxb3 56. e5+ Ke7 57. f6+ Ke8 58. Nc5 Bxc4 59. Kf5 Bb4 60. Ne4
Bb3 61. e6 Bxa4 62. f7+ Kf8 63. Ne5 Kg7 64. Nd3 Bf8 65. Nf4 Bc2 66. Nh5+ Kh6 67.
Kf6 Bb3 68. Nhg3 a4 69. Nf5+ Kh5 70. Nd4 Ba2 71. Nd2 Bd5 72. Ne2 Kg4 73. Nc3
Bxe6 74. Kxe6 a3 75. Nc4 Kf4 76. Kd7 Kf5 77. Ke8 Bc5 78. Nb6 Ke6 79. Ne4 Bb4 80.
Nd7 Be7 81. Ndc5+ 1-0

[Event "Chigorin Memorial"]
[Site "St Petersburg RUS"]
[Date "2012.11.03"]
[Round "8.110"]
[White "Nikolova, Adriana"]
[Black "Mamedov, Elmin"]
[Result "1-0"]
[WhiteTitle "WGM"]
[WhiteElo "2290"]
[BlackElo "2088"]
[WhiteFideId "2908689"]
[BlackFideId "24117331"]
[EventDate "2012.10.27"]

1. e4 d6 2. d4 g6 3. Be3 Bg7 4. Nc3 a6 5. a4 Nf6 6. h3 O-O 7. g4 c5 8. Nge2 Nbd7
9. Bg2 Rb8 10. a5 b5 11. axb6 Qxb6 12. b3 Bb7 13. O-O Qc7 14. d5 c4 15. b4 Ne8
16. Nd4 Qc8 17. Qd2 Nc7 18. Bh6 e6 19. Bxg7 Kxg7 20. Nc6 Ra8 21. Qd4+ e5 22.
Qxc4 Nb6 23. Qd3 Bxc6 24. dxc6 Rd8 25. Nd5 Nbxd5 26. exd5 Rb8 27. Rab1 Nb5 28.
f4 f6 29. c3 Qc7 30. Ra1 Qb6+ 31. Kh1 Re8 32. fxe5 fxe5 33. g5 Rf8 34. Rf6 Rxf6
35. gxf6+ Kxf6 36. Rf1+ Kg7 37. Qf3 Qc7 38. Qf6+ Kg8 39. h4 Qd8 40. c4 Nc7 41.
c5 Nb5 42. Bh3 Qxf6 43. Rxf6 Kg7 44. Rxd6 Nxd6 45. cxd6 Kf7 46. c7 Rf8 47. d7 1-0

[Event "Chigorin Memorial"]
[Site "St Petersburg RUS"]
[Date "2012.11.03"]
[Round "8.111"]
[White "Koshil, Tikhon"]
[Black "Mikheev, Stanislav"]
[Result "1-0"]
[BlackTitle "IM"]
[WhiteElo "2048"]
[BlackElo "2286"]
[WhiteFideId "4126637"]
[BlackFideId "4135920"]
[EventDate "2012.10.27"]

1. d4 Nf6 2. c4 g6 3. Nc3 d5 4. Nf3 Bg7 5. g3 O-O 6. cxd5 Nxd5 7. Bg2 c5 8. O-O
Nxc3 9. bxc3 Nc6 10. Bb2 Qa5 11. Qc2 Rd8 12. Rfd1 Bf5 13. Qc1 Rac8 14. d5 Ne5
15. Nxe5 Bxe5 16. c4 Qc7 17. f4 Bxb2 18. Qxb2 f6 19. e4 Bg4 20. Re1 e5 21. h3
Bd7 22. fxe5 Qxe5 23. Qxe5 fxe5 24. Rab1 b6 25. Re3 Kf7 26. Rf1+ Ke7 27. Ref3
Rf8 28. d6+ 1-0

[Event "Chigorin Memorial"]
[Site "St Petersburg RUS"]
[Date "2012.11.03"]
[Round "8.112"]
[White "Mirzoeva, Elmira"]
[Black "Rudakov, Aleksandr"]
[Result "1-0"]
[WhiteTitle "WGM"]
[WhiteElo "2283"]
[BlackElo "2060"]
[WhiteFideId "4127951"]
[BlackFideId "24135763"]
[EventDate "2012.10.27"]

1. d4 Nf6 2. c4 c5 3. d5 e6 4. Nc3 exd5 5. cxd5 d6 6. Nf3 g6 7. Bf4 a6 8. a4 Bg7
9. h3 O-O 10. e3 Qe7 11. Be2 Ne8 12. O-O Nd7 13. Qc2 Ne5 14. Nd2 f5 15. Bg3 Nc7
16. Rfe1 g5 17. f4 Ng6 18. Bd3 gxf4 19. exf4 Qf6 20. Nf3 Bd7 21. h4 h5 22. Qb3
b5 23. axb5 axb5 24. Rxa8 Rxa8 25. Qc2 Ne7 26. Qe2 Re8 27. Ng5 Nexd5 28. Nxd5
Qd4+ 29. Ne3 Nd5 30. Qxh5 Rxe3 31. Rxe3 Qxe3+ 32. Bf2 Qxd3 33. Qf7+ Kh8 34. Qxd7
Nf6 35. Qd8+ Ng8 36. Qe8 Qd1+ 37. Kh2 Qg4 38. Qg6 1-0

[Event "Chigorin Memorial"]
[Site "St Petersburg RUS"]
[Date "2012.11.03"]
[Round "8.113"]
[White "Azimova, Karina"]
[Black "Turikov, Viktor"]
[Result "0-1"]
[BlackTitle "FM"]
[WhiteElo "2044"]
[BlackElo "2270"]
[WhiteFideId "4108310"]
[BlackFideId "4107810"]
[EventDate "2012.10.27"]

1. e4 d6 2. Nf3 Nf6 3. d3 c5 4. g3 Nc6 5. Bg2 e6 6. O-O Be7 7. Nbd2 O-O 8. Re1
Qc7 9. Nf1 Bd7 10. c3 Ne5 11. d4 Nxf3+ 12. Bxf3 cxd4 13. cxd4 Rac8 14. Ne3 Rfd8
15. Bd2 Bf8 16. Bc3 Qb8 17. Ng4 Nxg4 18. Bxg4 d5 19. exd5 exd5 20. Bxd7 Rxd7 21.
Qg4 Rdd8 22. Re5 Qd6 23. Rae1 Qc6 24. Qf3 Qd7 25. Rf5 f6 26. g4 Rc6 27. h3 Re6
28. Rxe6 Qxe6 29. Qe3 Qxe3 30. fxe3 Kf7 31. Kf1 Ke6 32. Ke2 Bd6 33. Kd3 g6 34.
Rf3 f5 35. Be1 Rf8 36. gxf5+ Rxf5 37. Ke2 Rxf3 38. Kxf3 Kf5 39. h4 h6 40. Bf2 g5
41. hxg5 hxg5 42. Ke2 Ke4 43. Be1 g4 44. Bf2 Bh2 0-1

[Event "Chigorin Memorial"]
[Site "St Petersburg RUS"]
[Date "2012.11.03"]
[Round "8.114"]
[White "Panov, Ivan"]
[Black "Sukhareva, Evgeniya"]
[Result "0-1"]
[WhiteElo "2021"]
[BlackElo "2268"]
[WhiteFideId "24177750"]
[BlackFideId "4167155"]
[EventDate "2012.10.27"]

1. c4 g6 2. e4 Bg7 3. d4 d6 4. Nc3 Nf6 5. f3 O-O 6. Be3 Nc6 7. Nge2 a6 8. Qd2
Rb8 9. Rc1 e5 10. d5 Ne7 11. g4 Ne8 12. Ng3 f5 13. gxf5 gxf5 14. Bg5 Nf6 15. Rg1
f4 16. Nh1 Kh8 17. Qf2 c5 18. h4 h6 19. Qh2 Qe8 20. Rc2 Qh5 21. Bxf6 Bxf6 22.
Rcg2 Qxf3 23. Nf2 Qh5 24. Ng4 Qxh4+ 25. Kd2 Bxg4 26. Qxh4 Bxh4 27. Rxg4 Bg5 28.
Ke2 b5 29. cxb5 axb5 30. Kf3 c4 31. Rh1 Kg7 32. Nd1 Kf6 33. Nf2 Rg8 34. Rgg1 Ra8
35. a3 Ra5 36. Bh3 Ng6 37. Be6 Rh8 38. Ng4+ Kg7 39. Ke2 c3 40. bxc3 Rxa3 41. Kd2
Ra2+ 42. Kd3 f3 43. c4 b4 44. c5 Ra3+ 45. Kc2 Rc3+ 46. Kb2 Rxc5 47. Bf5 Nf4 48.
Rg3 Ne2 49. Rxf3 Nd4 50. Rf2 Nxf5 51. Rxf5 Rc4 52. Nxh6 Rxh6 53. Rxg5+ Rg6 54.
Rhg1 Rxg5 55. Rxg5+ Kh6 56. Rg8 Rxe4 57. Rd8 Kg5 58. Rxd6 Rd4 59. Rd8 Kf4 60. d6
Ke3 61. Kc2 e4 62. d7 b3+ 63. Kc3 b2 64. Kxb2 Kd3 65. Kc1 e3 66. Kd1 e2+ 67. Ke1
Rf4 68. Rf8 Rxf8 0-1

[Event "Chigorin Memorial"]
[Site "St Petersburg RUS"]
[Date "2012.11.03"]
[Round "8.115"]
[White "Kopasov, Evgeny"]
[Black "Fomichenko, Svetlana"]
[Result "0-1"]
[BlackTitle "WGM"]
[WhiteElo "2014"]
[BlackElo "2256"]
[WhiteFideId "4181239"]
[BlackFideId "14101807"]
[EventDate "2012.10.27"]

1. d4 f5 2. g3 Nf6 3. Bg2 e6 4. Nf3 Be7 5. O-O O-O 6. c4 d6 7. Nc3 Qe8 8. b3 Qh5
9. Ba3 Nbd7 10. Qd3 Kh8 11. Rae1 a6 12. e4 fxe4 13. Nxe4 Nxe4 14. Rxe4 b5 15.
Ne5 Nb6 16. Re2 Rf6 17. Bxa8 Nxa8 18. f4 Nb6 19. d5 bxc4 20. bxc4 Bf8 21. Nf3
exd5 22. cxd5 Nxd5 23. Ng5 Ne7 24. Bb2 Rf5 25. Rfe1 Rd5 26. Qc4 c6 27. Qb3 h6
28. Ne4 Rb5 29. Qd1 Bg4 30. Qd2 Bxe2 31. Rxe2 Nf5 32. Nf2 Qf7 33. Qc2 c5 34. Ng4
Rb7 35. Qd3 h5 36. Nf2 c4 37. Qf3 d5 38. Re5 Rxb2 0-1

[Event "Chigorin Memorial"]
[Site "St Petersburg RUS"]
[Date "2012.11.03"]
[Round "8.118"]
[White "Schepetkova, Margarita"]
[Black "Atabayeva, Ogulgerek"]
[Result "1-0"]
[WhiteElo "2239"]
[BlackElo "1990"]
[WhiteFideId "4189949"]
[BlackFideId "14001810"]
[EventDate "2012.10.27"]

1. d4 Nf6 2. c4 e5 3. dxe5 Ng4 4. Nf3 Nc6 5. Bf4 Bb4+ 6. Nbd2 Qe7 7. e3 Ngxe5 8.
Be2 Nxf3+ 9. Bxf3 Ne5 10. Be2 d6 11. O-O Bxd2 12. Qxd2 O-O 13. Rfd1 Bf5 14. Qc3
Ng6 15. Bg3 Rad8 16. b4 Rd7 17. Rd2 Rfd8 18. Rad1 Qg5 19. Bf3 Bg4 20. Rd5 f5 21.
Bxg4 Qxg4 22. h3 Qg5 23. c5 Ne7 24. R5d3 d5 25. b5 c6 26. a4 Ng6 27. Rd4 Rf7 28.
Qd2 Rdf8 29. bxc6 bxc6 30. Rb1 h6 31. Rbb4 Re8 32. Qb2 Kh7 33. Rb8 Qe7 34. Bd6
Qe6 35. Rdb4 Rxb8 36. Bxb8 Nf8 37. Rb7 a6 38. Bd6 Nd7 39. Rc7 Nf6 40. Rxc6 Ne4
41. Rb6 Qc8 42. Qd4 Rb7 43. a5 Rxb6 44. axb6 a5 45. Qxd5 Nxd6 46. cxd6 a4 47. d7
Qd8 48. b7 a3 49. b8=Q Qxb8 50. d8=Q Qb1+ 51. Kh2 a2 52. Q8g8+ 1-0

[Event "Chigorin Memorial"]
[Site "St Petersburg RUS"]
[Date "2012.11.03"]
[Round "8.120"]
[White "Rjanova, Valery"]
[Black "Bondarenko, Dmitry"]
[Result "1-0"]
[WhiteTitle "WFM"]
[WhiteElo "2206"]
[BlackElo "1971"]
[WhiteFideId "24129119"]
[BlackFideId "34105708"]
[EventDate "2012.10.27"]

1. e4 e5 2. Nc3 f5 3. exf5 Nf6 4. d3 Bb4 5. g4 O-O 6. Bg2 c6 7. h3 d5 8. a3 Ba5
9. b4 Bb6 10. Nge2 a5 11. Rb1 axb4 12. axb4 Qd6 13. O-O h5 14. Ng3 hxg4 15. hxg4
Kf7 16. g5 Nbd7 17. gxf6 Nxf6 18. Bg5 e4 19. Nce2 Ng4 20. dxe4 Bxf5 21. exf5
Rae8 22. Nd4 Re4 23. Bxe4 dxe4 24. Qxg4 Bxd4 25. Rbd1 Rh8 26. c3 Bxf2+ 27. Rxf2 1-0

[Event "Chigorin Memorial"]
[Site "St Petersburg RUS"]
[Date "2012.11.03"]
[Round "8.121"]
[White "Hairapetian, Anna"]
[Black "Puzko, Danila"]
[Result "1-0"]
[WhiteTitle "WIM"]
[WhiteElo "2185"]
[BlackElo "1957"]
[WhiteFideId "13303554"]
[BlackFideId "24153745"]
[EventDate "2012.10.27"]

1. e4 c5 2. Nf3 Nc6 3. d4 cxd4 4. Nxd4 e5 5. Nb5 d6 6. N1c3 a6 7. Na3 b5 8. Nd5
Nge7 9. c4 Nd4 10. Be3 Nxd5 11. cxd5 Be7 12. Nc2 Bg4 13. Qd2 Nxc2+ 14. Qxc2 O-O
15. Bd3 Bg5 16. Bxg5 Qxg5 17. f3 Bd7 18. Qd2 Qg6 19. O-O f5 20. Rac1 Rac8 21.
Rxc8 Rxc8 22. Rc1 fxe4 23. Bxe4 Qe8 24. Rf1 Rc4 25. b3 Rc5 26. Qg5 h6 27. Qe3
Bc8 28. f4 Bb7 29. fxe5 Qxe5 30. Qf3 Qd4+ 31. Kh1 Qf6 32. Qd3 Qe7 33. h3 Rc8 34.
Bf5 Rf8 35. Be6+ Kh8 36. Rc1 Rd8 37. Qg6 Qf8 38. Rc7 Ba8 39. Rf7 Qg8 40. Rd7 Qf8
41. Bf5 1-0

[Event "Chigorin Memorial"]
[Site "St Petersburg RUS"]
[Date "2012.11.03"]
[Round "8.123"]
[White "Petrova, Irina"]
[Black "Chernov, Maksim"]
[Result "1-0"]
[WhiteTitle "WFM"]
[WhiteElo "2167"]
[BlackElo "1895"]
[WhiteFideId "14124122"]
[BlackFideId "24194280"]
[EventDate "2012.10.27"]

1. d4 Nf6 2. c4 g6 3. Nc3 d5 4. cxd5 Nxd5 5. Bd2 Nb6 6. Nf3 Bg7 7. e3 O-O 8. Be2
N8d7 9. e4 c5 10. d5 Ne5 11. Nxe5 Bxe5 12. Be3 Nd7 13. f4 Bg7 14. O-O a6 15. a4
b6 16. Qd2 Bb7 17. Rad1 Qc7 18. Bf3 Rfd8 19. e5 Nf8 20. Qf2 Qd7 21. a5 b5 22.
Bxc5 Rac8 23. Bb6 Re8 24. Ne4 Qf5 25. Nc5 Rxc5 26. Bxc5 Qxf4 27. Bd4 Bxe5 28.
Bxe5 Qxe5 29. d6 Bxf3 30. Qxf3 Qc5+ 31. Kh1 Qc4 32. b3 Qe6 33. Rde1 1-0

[Event "Chigorin Memorial"]
[Site "St Petersburg RUS"]
[Date "2012.11.03"]
[Round "8.124"]
[White "Shaydullina, Sandugach"]
[Black "Klevets, Ksenia"]
[Result "0-1"]
[WhiteTitle "WGM"]
[WhiteElo "2162"]
[BlackElo "1861"]
[WhiteFideId "4140389"]
[BlackFideId "24157937"]
[EventDate "2012.10.27"]

1. d4 d5 2. Nf3 Nf6 3. c4 c6 4. e3 Bf5 5. Nc3 e6 6. Nh4 Bg6 7. Qb3 Qb6 8. Nxg6
hxg6 9. Bd2 Nbd7 10. h3 Be7 11. O-O-O Qxb3 12. axb3 O-O 13. Kb1 a6 14. g4 b5 15.
c5 e5 16. f3 Nh7 17. h4 g5 18. h5 exd4 19. exd4 Bf6 20. Be1 Rfe8 21. Bf2 Nhf8
22. Ne2 g6 23. hxg6 fxg6 24. Rd3 Ne6 25. Bg3 Bg7 26. Bd6 Ndf8 27. Kc2 a5 28. Rh2
a4 29. b4 Ra7 30. Bh3 Rea8 31. f4 a3 32. Rh1 axb2 33. Rb1 Ra3 34. Bxf8 Kxf8 35.
f5 Rxd3 36. Kxd3 Ra3+ 37. Kc2 Nxd4+ 38. Nxd4 Bxd4 39. Bf1 gxf5 40. gxf5 Ra1 41.
Bh3 Kf7 42. f6 Bxf6 43. Bd7 d4 44. Bf5 d3+ 45. Bxd3 Rxb1 46. Kxb1 Ke6 47. Be4
Kd7 48. Kc2 b1=Q+ 49. Kxb1 Bc3 50. Kc2 Bxb4 51. Bf5+ Kc7 52. Kd3 Bxc5 53. Ke4
Kb6 54. Bd7 Ba3 55. Kf5 Bc1 56. Ke4 Kc5 57. Kd3 Bf4 58. Ke4 Kb6 59. Be8 c5 60.
Kd5 c4 61. Kd4 Bg3 62. Bh5 Bf2+ 63. Kd5 c3 64. Bd1 g4 65. Ke4 g3 66. Kf3 Kc5 67.
Ke2 Kc4 68. Bc2 b4 69. Be4 Kb3 70. Kd1 Kb2 71. Ke2 c2 0-1

[Event "Chigorin Memorial"]
[Site "St Petersburg RUS"]
[Date "2012.11.03"]
[Round "8.125"]
[White "Doronkin, Grigory"]
[Black "Kalinin, Nikita"]
[Result "1/2-1/2"]
[WhiteElo "1942"]
[BlackElo "2153"]
[WhiteFideId "24164305"]
[BlackFideId "24155390"]
[EventDate "2012.10.27"]

1. d4 Nf6 2. c4 e6 3. g3 c5 4. d5 exd5 5. cxd5 d6 6. Bg2 g6 7. Nc3 Bg7 8. Nf3
O-O 9. O-O a6 10. a4 Nbd7 11. Bf4 Qe7 12. Re1 Ng4 13. Qd2 Nge5 14. Nxe5 Nxe5 15.
Rab1 f5 16. e4 Qf7 17. Rec1 Bd7 18. b4 c4 19. Bxe5 Bxe5 20. f4 Bxc3 21. Qxc3
fxe4 22. Bxe4 Rac8 23. a5 Bf5 24. Bxf5 Qxf5 25. Rd1 Rfe8 26. Rbc1 Qh3 27. Re1
Qh5 28. Rxe8+ Rxe8 29. Qxc4 Qf3 30. Qc3 Qxd5 31. Qc4 Qxc4 32. Rxc4 Re7 33. Kf2
Kf7 34. Kf3 Rd7 35. Rd4 Ke6 36. Ke3 d5 37. Rd2 Rc7 38. Rb2 Kd6 39. Kd3 Rc4 40.
b5 Ra4 41. bxa6 bxa6 42. Rb6+ Kc5 43. Rxa6 Ra2 44. Ra8 Rxh2 45. a6 Rh3 46. a7
Rxg3+ 47. Ke2 Kb6 48. Rd8 Kxa7 49. Rxd5 Kb6 50. Kf2 Kc6 51. Rd8 Kc7 52. Rd5 Kc6
53. Rd8 Ra3 54. Rd1 Rb3 55. Rh1 Rb7 56. Kg3 Kd6 57. Kg4 Rf7 58. Ra1 Rb7 59. Ra6+
Ke7 60. Ra5 Kf6 61. Ra6+ Kg7 62. Ra5 Rb1 63. Ra7+ Kh6 64. Ra6 Rg1+ 65. Kf3 Kh5
66. Ra2 Rh1 67. Ra5+ Kh6 68. Kg4 Rg1+ 69. Kf3 Rb1 70. Kg4 Rb4 71. Rc5 Rb7 72.
Ra5 Kg7 73. Rc5 Ra7 74. Rb5 Rd7 75. Ra5 h6 76. Rb5 Re7 77. Ra5 Re1 78. Ra7+ Kf6
79. Ra6+ Re6 80. Ra8 Re4 81. Ra6+ Re6 82. Ra8 Rb6 83. Rf8+ Kg7 84. Ra8 h5+ 85.
Kf3 Rb3+ 86. Ke4 Rb1 87. Ra7+ Kh6 88. Ra8 Rf1 89. Rh8+ Kg7 90. Ra8 h4 91. Ra7+
Kh6 92. Ra8 Kh5 93. Ra5+ Kh6 94. Ra8 Kh7 95. Ra7+ Kh6 96. Ra8 g5 97. fxg5+ Kxg5
98. Rg8+ Kh5 99. Ke3 h3 100. Ke2 Rf5 101. Rh8+ Kg4 102. Rg8+ Kh4 103. Rh8+ Kg3
104. Rg8+ Kh2 105. Rg7 Kh1 106. Rg8 Rf6 107. Rg7 Ra6 108. Kf1 Ra3 109. Kf2 Rb3
110. Kf1 Kh2 111. Kf2 Ra3 112. Rg8 Rb3 113. Rg7 Rb2+ 114. Kf1 Rg2 115. Rh7 Rg4
116. Kf2 Rg3 117. Rh8 Rc3 118. Rg8 Kh1 119. Rg1+ Kh2 120. Rg8 Rc6 121. Rg7 Rf6+
122. Ke1 Rf3 123. Rg8 Rg3 124. Rf8 Kg1 125. Rf1+ Kg2 126. Rf2+ Kg1 127. Rf1+ Kh2
128. Rf2+ Rg2 129. Rf3 Rg7 130. Kf1 Ra7 131. Kf2 Ra1 132. Re3 Rb1 133. Rf3 Rb2+
134. Kf1 Ra2 135. Re3 Rg2 136. Rf3 Rg3 137. Rxg3 Kxg3 138. Kg1 h2+ 139. Kh1 1/2-1/2

[Event "Chigorin Memorial"]
[Site "St Petersburg RUS"]
[Date "2012.11.03"]
[Round "8.126"]
[White "Naslund, Mikael"]
[Black "Sladkov, Andrey"]
[Result "1/2-1/2"]
[WhiteTitle "FM"]
[WhiteElo "2142"]
[BlackElo "1876"]
[WhiteFideId "1708260"]
[BlackFideId "24160350"]
[EventDate "2012.10.27"]

1. c4 f5 2. Nf3 Nf6 3. g3 g6 4. Bg2 Bg7 5. O-O O-O 6. d4 d6 7. Nc3 Qe8 8. d5 Na6
9. Rb1 Bd7 10. b4 Ng4 11. Qb3 Kh8 12. Bb2 h6 13. e3 g5 14. Ne2 Qg6 15. Bxg7+
Kxg7 16. Ned4 h5 17. h4 gxh4 18. Nxh4 Qf6 19. Qc3 c5 20. dxc6 bxc6 21. Ndxf5+
Kf7 22. Qxf6+ Kxf6 23. Nd4 Rac8 24. Ne2 Ne5 25. Rfc1 Kg7 26. Nf4 Kh6 27. Bf1 Nc7
28. Rd1 Ne6 29. Be2 Nxf4 30. exf4 Ng4 31. Re1 Rf7 32. Rbd1 Rb8 33. a3 Rg7 34.
Bd3 Rf8 35. f5 Ne5 36. Rxe5 dxe5 37. Ng6 Rf6 38. Nxe5 Bxf5 39. Bxf5 Rxf5 40.
Nxc6 h4 41. Rd3 hxg3 42. fxg3 a6 43. c5 Rgf7 44. Kg2 Kg5 45. Rd2 e5 46. Re2 Kf6
47. a4 Rg5 48. Re4 Rd7 49. g4 Ke6 50. b5 axb5 51. axb5 Kd5 52. Kf3 Kxc5 53.
Rxe5+ Rxe5 54. Nxe5 Rg7 1/2-1/2

[Event "Chigorin Memorial"]
[Site "St Petersburg RUS"]
[Date "2012.11.03"]
[Round "8.127"]
[White "Hallaeva, Bahar"]
[Black "Berdashkevich, Svetlana"]
[Result "1-0"]
[WhiteTitle "WFM"]
[WhiteElo "2139"]
[BlackElo "1825"]
[WhiteFideId "14000679"]
[BlackFideId "24197483"]
[EventDate "2012.10.27"]

1. e4 c6 2. c4 d5 3. exd5 cxd5 4. cxd5 Nf6 5. Nc3 Nxd5 6. d4 g6 7. Bc4 Nb6 8.
Bb3 Bg7 9. Nf3 O-O 10. d5 N8d7 11. Be3 Nf6 12. O-O Bf5 13. Re1 Re8 14. Ne5 Nfd7
15. Nxd7 Bxd7 16. Bg5 h6 17. Bh4 Rc8 18. Qe2 g5 19. Bg3 Rxc3 20. bxc3 Bxc3 21.
Be5 Bxa1 22. Bxa1 e5 23. dxe6 Bxe6 24. Qb2 f6 25. Rxe6 Rxe6 26. Bxe6+ Kg7 27. g3
Qe7 28. Bf5 Nc4 29. Qd4 Qe1+ 30. Kg2 Ne5 31. Bc3 Qc1 32. Qc5 h5 33. Qe7+ Kg8 34.
Be6+ 1-0

[Event "Chigorin Memorial"]
[Site "St Petersburg RUS"]
[Date "2012.11.03"]
[Round "8.129"]
[White "Radkov, Bazhen D."]
[Black "Gorjunov, Sergey2"]
[Result "0-1"]
[WhiteElo "1860"]
[BlackElo "2134"]
[WhiteFideId "24170593"]
[BlackFideId "4166590"]
[EventDate "2012.10.27"]

1. d4 e6 2. Nf3 Nf6 3. e3 b6 4. Bd3 Bb7 5. O-O d5 6. b3 Bd6 7. Bb2 O-O 8. Nbd2
c5 9. Ne5 Nc6 10. a3 a6 11. f4 b5 12. c4 Qb6 13. Nxc6 bxc4 14. dxc5 Qxc5 15. Bd4
Qxc6 16. Bxf6 cxd3 17. Qg4 g6 18. Rf3 Rfe8 19. Rh3 Be7 20. Bd4 e5 21. Bxe5 Bc8
22. Qf3 Bxh3 23. Qxh3 Bf6 24. Nf3 d2 25. Rf1 Rac8 26. Nd4 Qc1 27. Bxf6 Qxf1+ 28.
Kxf1 d1=Q+ 29. Kf2 Qd2+ 30. Ne2 Rc2 31. Qf3 Rc1 32. g4 Qe1+ 33. Kg2 Rc2 0-1

[Event "Chigorin Memorial"]
[Site "St Petersburg RUS"]
[Date "2012.11.03"]
[Round "8.131"]
[White "Jorayewa, Govher"]
[Black "Dolgova, Olga"]
[Result "0-1"]
[WhiteTitle "WFM"]
[BlackTitle "WIM"]
[WhiteElo "1990"]
[BlackElo "2250"]
[WhiteFideId "14001454"]
[BlackFideId "4158296"]
[EventDate "2012.10.27"]

1. e4 c6 2. d4 d5 3. e5 c5 4. c3 Nc6 5. Nf3 e6 6. Bd3 Qb6 7. Bc2 Bd7 8. O-O Rc8
9. a3 cxd4 10. cxd4 Na5 11. Nc3 Nc4 12. Rb1 Qc7 13. Ba4 Ne7 14. Nb5 Qb6 15. b3
Bxb5 16. bxc4 Bxa4 17. Qxa4+ Qc6 18. Qxc6+ bxc6 19. c5 f6 20. Rb7 Ra8 21. Bd2
Ng6 22. exf6 gxf6 23. Re1 e5 24. dxe5 Bxc5 25. exf6+ Kd8 26. Ba5+ Bb6 27. Bxb6+
axb6 28. Rxb6 Kc7 29. Rb3 Raf8 30. a4 Rxf6 31. Rc1 Ra8 32. Ra3 Kd6 33. Nd4 Ne5
34. Rca1 Rf4 35. Ne2 Re4 36. Kf1 Nc4 37. R3a2 Na5 38. Ng3 Rb4 39. Re1 Ra7 40.
Nf5+ Kc5 41. Rc1+ Rc4 42. Rxc4+ Kxc4 43. g4 d4 44. Ke2 c5 45. Rc2+ Kd5 46. Rd2
Nb3 47. Rd1 Rxa4 48. h4 c4 49. h5 c3 50. Ne3+ Kc5 51. Nc2 Kc4 52. g5 Nd2 53.
Rxd2 cxd2 54. Kxd2 Ra5 55. f4 Rf5 56. Ne1 Rxf4 57. Nd3 Rh4 58. Ne5+ Kd5 59. Nd3
Rh2+ 60. Ke1 Ke4 0-1

[Event "Chigorin Memorial"]
[Site "St Petersburg RUS"]
[Date "2012.11.03"]
[Round "8.132"]
[White "Kiseleva, Arina"]
[Black "Suleymanyants, Odisey"]
[Result "1-0"]
[WhiteTitle "WCM"]
[BlackTitle "FM"]
[WhiteElo "1939"]
[BlackElo "2227"]
[WhiteFideId "4164989"]
[BlackFideId "24149357"]
[EventDate "2012.10.27"]

1. d4 Nf6 2. Nf3 e6 3. c4 d5 4. Bg5 Be7 5. e3 O-O 6. Nc3 Nbd7 7. Bd3 c5 8. cxd5
exd5 9. O-O c4 10. Bc2 Nb6 11. Re1 Be6 12. Ne5 Ne8 13. Bxe7 Qxe7 14. f4 Nd6 15.
Qf3 f5 16. Kh1 Rad8 17. g4 Ne8 18. Rg1 fxg4 19. Nxg4 Bxg4 20. Rxg4 Nf6 21. Rg3
Rf7 22. Rag1 Re8 23. Rh3 Qe6 24. Rg5 Rd8 25. Bf5 Qe7 26. Qg3 g6 27. Qh4 Rg7 28.
Bc2 Rf8 29. Qh6 Qf7 30. Bxg6 Rxg6 31. Rxg6+ Qxg6 32. Rg3 Ng4 33. Qxg6+ hxg6 34.
Rxg4 Kf7 35. Rg5 Rd8 36. Kg2 a6 37. Kg3 Rd6 38. h4 Ke8 39. a4 a5 40. h5 gxh5 41.
Rxh5 Kd7 42. f5 Kc6 43. Rg5 Nc8 44. Kf4 Nb6 45. Rg6 Nd7 46. Nb5 Rf6 47. Kg5
Rxg6+ 48. fxg6 Nb6 49. Nc3 Nc8 50. g7 Ne7 51. Kf6 Ng8+ 52. Kf7 Nh6+ 53. Kf8 1-0

[Event "Chigorin Memorial"]
[Site "St Petersburg RUS"]
[Date "2012.11.03"]
[Round "8.133"]
[White "Fedoseeva, Valentina"]
[Black "Napalkov, Vladimir"]
[Result "0-1"]
[WhiteElo "1930"]
[BlackElo "2150"]
[WhiteFideId "4169875"]
[BlackFideId "4149424"]
[EventDate "2012.10.27"]

1. e4 c6 2. d4 d5 3. Nc3 dxe4 4. Nxe4 Bf5 5. Ng3 Bg6 6. Nf3 e6 7. h4 h6 8. h5
Bh7 9. Bd3 Bxd3 10. Qxd3 Nf6 11. Bf4 Nbd7 12. O-O-O Nd5 13. Bd2 Nb4 14. Qb3 a5
15. a3 a4 16. Qc4 Nd5 17. Ne4 Qc7 18. Nc3 Nxc3 19. Qxc3 Nf6 20. Qd3 Bd6 21. Kb1
b5 22. c4 bxc4 23. Qxc4 O-O 24. Rc1 Rfb8 25. Ka1 Rb6 26. Qc2 Qb8 27. Rh4 Rb3 28.
Ka2 Qf8 29. Qxc6 Bxa3 30. Bc3 Nd5 31. Rc2 Bxb2 0-1